00390nam a2200157 a 45000010005000000030009000050080041000140400028000550820015000831000019000982450037001172600038001543000010001924900015002026500015002172690CO-ViMGA141112s2004 ck r 000 u spa d aCO-ViMGAbspacCO-ViMGA04a304.5 B4521 aBinger, Eugene10aLa genética de las poblaciones aBarcelona : bOikos - tau, c1970 a128 p aQue se?, 414aGENética